000 00488nam a2200157Ia 4500
008 220216s9999 xx 000 0 und d
100 _aSvensson Birte
_cet al
245 0 _aPrimary structure of barwin: A barley seed protein closely related to the C-terminal domain of proteins encoded by wound-induced plant genes
260 _bBiochemistry
_c1992
300 _a8767-8770
500 _aSource Year: 1992
650 _aBarwin
650 _aRubber trees
856 _uBA
942 _cJS
999 _c65695
_d65695